Villes de la Somme en images - Statistiques

Statistiques générales
  • Ce quiz a été pris 96 fois
  • Le résultat moyen est 8 sur 18
Statistiques - réponses
Par images Hint Réponse % Correct
A- Amiens
99%
A- Abbeville
86%
P- Péronne
79%
A- Albert
77%
M- Mers-les-Bains
48%
A- Ault
47%
N- Naours
47%
F- Fort-Mahon-Plage
43%
M- Montdidier
42%
D- Doullens
40%
S- Saint-Valery-sur-Somme
40%
H- Ham
38%
R- Roye
38%
V- Villers-Bretonneux
38%
S- Saint-Riquier
26%
F- Flixecourt
22%
R- Rue
19%
N- Nesle
12%
Aucun quiz correspondant
Distribution des résultats
% des personnes avec chaque résultat
Percentile par nombre de réponses
Votre historique - résultats
Vous n’avez pas pris ce quiz